000 00605nam a2200193Ia 4500
005 20221215151207.0
008 131103s9999 xx 000 0 und d
040 _aLoreto College
041 _aEnglish
082 _a811.52
_bWIL-GUI
100 _aGuimond,James
245 4 _aThe Art of William Carlos Williams
_b a discovery and posssession of America
_cJames Guimond
260 _aUrbana
_bUniversity Of Illinois Press
_c1968
300 _aviii,257 p.
504 _aIncludes bibliographical references and index
650 _aWilliams,William Carlos,1883 - 1963
850 _aLCLIB
942 _cBK
999 _c11689
_d62168